00473nam a22001697a 450000500170000001000150001702000260003203500140005803700090007208200160008110000210009724500620011825000060018026000400018627000570022630000200028320250717141144.0 aENG-146030 a9788190317881c495.00 aEN-129562 bDBAD a368.3200681 aChoudhary, J. K. aBuild Your Career in Insurance Industry/cJ. K. Choudhary a1 aPanchkulabHoliday Book Storec2012 aS.C.O. 43, First Floor, Swastik Vihar MDCbPanchkula a220p.c22cm(Hb)